000 00460nam a2200205Ia 4500
003 0100
008 130303s9999 xx 000 0 und d
020 _a080148037X
040 _cARRUPELIB
050 _aB1297.S295 1992
100 _aSchouls, Peter A
245 _aReasoned freedom
245 _bJohn Locke and enlightenment
260 _aIthaca NY
260 _bCornell UP
260 _C1992
300 _a243p.
300 _b 23cm
942 0 0 _04
999 _c19748
_d19748